| 000 | 00710nam a22002057a 4500 | ||
|---|---|---|---|
| 005 | 2010072707397.0 | ||
| 010 | _aENG-96972 | ||
| 020 |
_a8178191656 _c225.00 |
||
| 035 | _aEN-80505 | ||
| 037 | _bDBAD/PUB | ||
| 082 | _aS | ||
| 100 |
_aBandyopadhyay, Saradindu _92968 |
||
| 245 |
_aThe Mystery Of The Fortress And Other Stories / _cby Saradindu Bandyopadhyay, transalated by Shanker Sen |
||
| 260 |
_aKolkatta _bNew Age Publishers _c2009 |
||
| 270 |
_a8/1 Chintamoni Das Lane _bKolkatta _e700009 |
||
| 300 |
_a245p. _c22cm (pbk) |
||
| 700 |
_aSen ,Shanker _91617 |
||
| 942 |
_2ddc _cEN _hS _mBAN |
||
| 999 |
_c37838 _d37838 |
||